Contratos civiles y comerciales : Parte especial /
Guardado en:
| Autor Principal: | |
|---|---|
| Otros Autores: | |
| Formato: | Libro |
| Idioma: | Spanish |
| Publicado: |
Buenos Aires :
Editorial Universidad,
1998
|
| Edición: | 2º ed. act. y amp. |
| Etiquetas: |
Agregar Etiqueta
Sin Etiquetas, Sea el primero en etiquetar este registro!
|
| LEADER | 00517nam a22001455a 4500 | ||
|---|---|---|---|
| 001 | DER.der000439 | ||
| 008 | 180615s1998####ag#||||||||||||||#||spa|| | ||
| 005 | 20230829123838.0 | ||
| 245 | 1 | 0 | |a Contratos civiles y comerciales : |b Parte especial / |c Roque Fortunato Garrido , Jorge Alberto Zago |
| 250 | |a 2º ed. act. y amp. | ||
| 260 | |a Buenos Aires : |b Editorial Universidad, |c 1998 | ||
| 020 | |a 9506792291 | ||
| 100 | 1 | |a Garrido, Roque Fortunato | |
| 700 | 1 | |a Zago, Jorge Alberto | |
| 859 | |a DERECHO |b BIB. DERECHO |h 346.02 |i GAR |k 1.17 |p 000101 |t 1 | ||
